<?xml version="1.0" encoding="UTF-8"?>
<collection xmlns="http://www.loc.gov/MARC21/slim">
 <record>
  <leader>00714pamaa2200205   4500</leader>
  <controlfield tag="001">0000037176</controlfield>
  <controlfield tag="005">20130314090000.0</controlfield>
  <datafield tag="020" ind1="0" ind2="0">
   <subfield code="a">0421799005 (pbk) </subfield>
  </datafield>
  <datafield tag="082" ind1=" " ind2=" ">
   <subfield code="a">340.1 STY 2003</subfield>
  </datafield>
  <datafield tag="090" ind1="0" ind2="0">
   <subfield code="a">KD661 </subfield>
   <subfield code="b">STY 2003</subfield>
  </datafield>
  <datafield tag="100" ind1="1" ind2="0">
   <subfield code="a">Stychin </subfield>
  </datafield>
  <datafield tag="245" ind1="1" ind2="0">
   <subfield code="a">Legal Method : </subfield>
   <subfield code="b">text and materials  </subfield>
   <subfield code="c">Carl F. Stychin and Linda Mulcahy.</subfield>
  </datafield>
  <datafield tag="250" ind1="0" ind2="0">
   <subfield code="a">2nd ed.</subfield>
  </datafield>
  <datafield tag="260" ind1="0" ind2="0">
   <subfield code="a">London: </subfield>
   <subfield code="b">Sweet and Maxwell, </subfield>
   <subfield code="c">2003.</subfield>
  </datafield>
  <datafield tag="300" ind1=" " ind2=" ">
   <subfield code="a">xxix, 476p.; </subfield>
   <subfield code="c">24 cm.</subfield>
  </datafield>
  <datafield tag="501" ind1="0" ind2="0">
   <subfield code="a">DLWUK</subfield>
  </datafield>
  <datafield tag="650" ind1="0" ind2="0">
   <subfield code="a">Law -- </subfield>
   <subfield code="x">Philosophy </subfield>
  </datafield>
  <datafield tag="650" ind1="0" ind2="0">
   <subfield code="a">Law -- </subfield>
   <subfield code="x">Interpretation and construction </subfield>
  </datafield>
  <datafield tag="700" ind1="1" ind2="1">
   <subfield code="a">MULCAHY, </subfield>
   <subfield code="h">Linda </subfield>
  </datafield>
  <datafield tag="901" ind1=" " ind2=" ">
   <subfield code="u">http://www.sweetandmaxwell.co.uk/details?prodid=108044&amp;unitid=127676&amp;search=legal%20method&amp;format=B&amp;publisher=sweet&amp;subject=all&amp;from=1&amp;to=50</subfield>
  </datafield>
 </record>
</collection>
